Statistiques concernant Cuisine catalane par images - Clic Quiz

Cliquez ici pour prendre le quiz!

Statistiques générales

  • Ce quiz a été pris 155 fois
  • Le résultat moyen est 6 sur 10

Statistiques - réponses

HintRéponse% Correct
Crema catalana
92%
Allioli
77%
Boles de picolat
73%
Espinacs a la catalana
68%
Pa amb tomàquet
65%
Escalivada
45%
Ouillade
42%
Mel i mató
40%
Panellets
39%
Pa d'ous
28%

Distribution des résultats

Percentile par nombre de réponses

% des personnes avec chaque résultat

Votre développement - résultats

Vous n’avez pas pris ce quiz